000 00346nam a2200145Ia 4500
008 150201s2009 xx 000 0 und d
082 _a610
_bW09W
100 _aWHO
245 _aWHO GUIDLINES ON HAND HYGIEN IN HEALTH CARE
250 _a1ST
260 _bWHO
_aUBS
_c2009
300 _a1-262
650 _aMEDICINE AND DIAGNOSIS
942 _2ddc
_cBK
999 _c458
_d458